• 首页
  • 本馆介绍
  • 公告通知
  • 最新文献
  • 馆藏检索
  • 电子资源
  • 读者导购
  • 参考咨询
  • 我的图书馆
  • 登录
  • 详细信息显示
  • 放入我的书架
  • 预约/预借图书
  • 作者相关作品
  • 分类相关作品
  • 丛书相关作品
  • 出版社相关作品

书目信息

  • 表格格式
  • 工作单格式
  • 卡片格式
题名:
高等数学解题方法指导
    
 
作者: 王益姝 编
分册:  
出版信息: 武汉   湖北教育出版社  1983
页数: 582页
开本: 19cm
丛书名:
单 册:
中图分类: O13-44 , O13
科图分类:
主题词: 高等数学--解题 , 高等数学
电子资源:
ISBN:
000 00701nam0 2200265 45
001 0183012263
005 20040518164223.4
010    @dCNY2.00
091    @a7306.17
100    @a19950207d1983 em y0chiy0121 ea
101 0  @achi
102    @aCN@b420000
105    @ay q 000yy
106    @ar
200 10 @a高等数学解题方法指导@Agao deng shu xue jie ti fang fa zhi dao@f王益姝等编
210    @a武汉@c湖北教育出版社@d1983
215    @a582页@d19cm
606    @a高等数学@x解题
606 0  @a高等数学
690    @aO13-44@v3
690    @aO13
701  0 @a王益姝@Awang yi shu@4编
801  0 @aCN@b上海图书馆@c20040518
801  2 @aCN@bNLC@c20040518
905    @f3@b160264-266@f1@b160263@dO13@e5
    
    高等数学解题方法指导/王益姝等编.-武汉:湖北教育出版社,1983
    582页;19cm
    
    
    ISBN :CNY2.00
    
●
相关链接 在E读中查询图书 在五车中查询图书 在当当中查询图书 在豆瓣中查询图书


正题名:高等数学解题方法指导     索取号:O13/5         预约/预借

序号 登录号 条形码 馆藏地/架位号 状态 备注
1 0160263   001242284   第三借阅区/ [索取号:O13/5] 在馆    
2 0160264   001242266   第三借阅区/ [索取号:O13/5] 在馆    
3 0160265   001242275   第三借阅区/ [索取号:O13/5] 在馆    
4 0160266   001242257   第三借阅区/ [索取号:O13/5] 在馆    
5 0160267   202097159   第二样本阅览室/ [索取号:O13/5] 在馆    
唐山师范学院图书馆 欢迎您!
大连网信软件有限公司© 版权所有